LEADER 01451nas 2200505 c 450 001 996217606703316 005 20200723084338.0 024 7 $aurn:nbn:de:bsz:boa-zdb2391634-55 035 $a(CKB)1000000000530439 035 $a(DE-599)ZDB2391634-5 035 $a(OCoLC)1013784399 035 $a(OCoLC)219852965 035 $a(DE-101)986007005 035 $a(EXLCZ)991000000000530439 100 $a20071012b20052013 |y | 101 0 $ager 135 $aur||||||||||| 181 $ctxt$2rdacontent 182 $cc$2rdamedia 183 $acr$2rdacarrier 200 00$aMussaf$eMagazin der Hochschule fu?r Ju?dische Studien$fHrsg.: Hochschule fu?r Ju?dische Studien 210 31$aHeidelberg$d2005-2013 215 $aOnline-Ressource 300 $aGesehen am 18.08.08 517 $aMussaf 517 3 $aMagazin der Hochschule fu?r Ju?dische Studien 608 $aZeitschrift$2gnd-content 608 $aVorlesungsverzeichnis$2gnd-content 608 $aBericht$2gnd-content 608 $aBericht$2gnd 608 $aZeitschrift$2gnd 608 $aOnline-Publikation$2gnd 676 $a070 676 $a370 676 $a290 686 $a24,2$2ssgn 686 $aJUDAICA$qDE-30$2fid 712 02$aHochschule fu?r Ju?dische Studien Heidelberg$4isb 801 0$b8999 801 1$bDE-101 801 2$b0030 906 $aJOURNAL 912 $a996217606703316 996 $aMussaf$91936877 997 $aUNISA LEADER 01788oam 2200517I 450 001 9910706597803321 005 20171108143929.0 035 $a(CKB)5470000002456465 035 $a(OCoLC)858254258 035 $a(EXLCZ)995470000002456465 100 $a20130912j200104 ua 0 101 0 $aeng 135 $aurbn||||a|a|| 181 $ctxt$2rdacontent 182 $cc$2rdamedia 183 $acr$2rdacarrier 200 10$aDeveloping uncertainty models for robust flutter analysis using ground vibration test data /$fStarr Potter and Rick Lind 210 1$aEdwards, California :$cNational Aeronautics and Space Administration, Dryden Flight Research Center,$dApril 2001. 215 $a1 online resource (16 pages) $cillustrations 225 1 $aNASA/TM ;$v2001-210392 300 $a"April 2001." 300 $a"Performing organization: NASA Dryden Flight Research Center"--Report documentation page. 320 $aIncludes bibliographical references (page 16). 606 $aFlutter analysis$2nasat 606 $aGround tests$2nasat 606 $aDynamic structural analysis$2nasat 606 $aDynamic response$2nasat 606 $aMathematical models$2nasat 615 7$aFlutter analysis. 615 7$aGround tests. 615 7$aDynamic structural analysis. 615 7$aDynamic response. 615 7$aMathematical models. 700 $aPotter$b Starr$01392283 702 $aLind$b Rick 712 02$aNASA Dryden Flight Research Center, 801 0$bOCLCE 801 1$bOCLCE 801 2$bOCLCO 801 2$bOCLCF 801 2$bOCLCQ 801 2$bGPO 906 $aBOOK 912 $a9910706597803321 996 $aDeveloping uncertainty models for robust flutter analysis using ground vibration test data$93446762 997 $aUNINA LEADER 01834nas 2200553-- 450 001 9910137757703321 005 20260218110038.0 035 $a(DE-599)ZDB2663394-2 035 $a(CKB)110978977123976 035 $a(CONSER)---79646952- 035 $a(DE-599)2663394-2 035 $a(EXLCZ)99110978977123976 100 $a20791031a19789999 --- b 101 0 $afre 181 $ctxt$2rdacontent 182 $cc$2rdamedia 183 $acr$2rdacarrier 200 00$aVermessung, Photogrammetrie, Kulturtechnik$eMensuration, photogrammétrie, génie rural 210 $a[Zürich]$c[Cicero-Verlag] 215 $a1 online resource 311 08$aPrint version: Vermessung, Photogrammetrie, Kulturtechnik. 0252-9424 517 3 $aMensuration, photogrammétrie, génie rural 531 $aMENSURATION PHOTOGRAMMETRIE GENIE RURAL 531 0 $aVermess. Photogramm. Kult.tech. 606 $aSurveying$vPeriodicals 606 $aPhotogrammetry$vPeriodicals 606 $aAgricultural engineering$vPeriodicals 606 $aArpentage$vPériodiques 606 $aPhotogrammétrie$vPériodiques 606 $aGénie rural$vPériodiques 606 $aAgricultural engineering$2fast$3(OCoLC)fst00800726 606 $aPhotogrammetry$2fast$3(OCoLC)fst01061575 606 $aSurveying$2fast$3(OCoLC)fst01139579 608 $aPeriodicals.$2fast 615 0$aSurveying 615 0$aPhotogrammetry 615 0$aAgricultural engineering 615 6$aArpentage 615 6$aPhotogrammétrie 615 6$aGénie rural 615 7$aAgricultural engineering. 615 7$aPhotogrammetry. 615 7$aSurveying. 676 $a526.9/05 906 $aJOURNAL 912 $a9910137757703321 920 $aexl_impl conversion 996 $aVermessung, Photogrammetrie, Kulturtechnik$92011790 997 $aUNINA